AJ Brown Records - Statistics

General Stats
  • This quiz has been taken 6 times
  • The average score is 44 of 106
Answer Stats
Hint Answer % Correct
2019 1-0
100%
2019 1-1
100%
2019 1-2
100%
2019 2-2
100%
2019 2-3
100%
2019 2-4
100%
2019 3-4
100%
2019 4-4
100%
2019 4-5
100%
2019 5-5
100%
2019 6-5
100%
2019 7-5
100%
2019 8-5
100%
2019 8-6
100%
2019 8-7
100%
2019 9-7
100%
2020 1-0
75%
2020 2-0
75%
2020 3-0
75%
2020 4-0
75%
2020 5-0
75%
2020 5-1
75%
2020 5-2
75%
2020 6-2
75%
2020 7-2
75%
2020 8-2
75%
2020 8-3
75%
2020 8-4
75%
Team Titans
75%
2020 10-4
50%
2020 10-5
50%
2020 9-4
50%
Team Eagles
50%
Team Eagles
50%
Team Titans
50%
Team Titans
50%
2021 0-1
25%
2022 1-0
25%
2023 1-0
25%
2024 1-0
25%
2022 10-1
25%
2023 10-1
25%
2023 10-2
25%
2023 10-3
25%
2023 10-4
25%
2021 10-5
25%
2021 1-1
25%
2024 1-1
25%
2022 11-1
25%
2023 11-4
25%
2020 11-5
25%
2021 11-5
25%
2023 11-5
25%
2023 11-6
25%
2022 12-1
25%
2021 12-5
25%
2022 13-1
25%
2022 13-2
25%
2022 13-3
25%
2022 14-3
25%
2022 2-0
25%
2023 2-0
25%
2021 2-1
25%
2024 2-1
25%
2021 2-2
25%
2024 2-2
25%
2022 3-0
25%
2023 3-0
25%
2021 3-2
25%
2022 4-0
25%
2023 4-0
25%
2021 4-2
25%
2022 5-0
25%
2023 5-0
25%
2023 5-1
25%
2021 5-2
25%
2022 6-0
25%
2023 6-1
25%
2021 6-2
25%
2022 7-0
25%
2023 7-1
25%
2021 7-2
25%
2022 8-0
25%
2022 8-1
25%
2023 8-1
25%
2021 8-2
25%
2021 8-3
25%
2021 8-4
25%
2022 9-1
25%
2023 9-1
25%
2021 9-4
25%
2021 9-5
25%
Team Eagles
25%
2024 10-2
0%
2024 11-2
0%
2024 12-2
0%
2024 12-3
0%
2024 13-3
0%
2024 14-3
0%
2024 3-2
0%
2024 4-2
0%
2024 5-2
0%
2024 6-2
0%
2024 7-2
0%
2024 8-2
0%
2024 9-2
0%
No matching quizzes found
Score Distribution
Percent of People with Each Score
Percentile by Number Answered
Your Score History
You have not taken this quiz